000 02024nam0a2200373 4500
001 RU\NLR\b_ik\189213
005 20250616231034.0
010 _a978-5-94274-148-8
_9100
035 _a(NLR Aleph) 002261687
090 _a3828124
_c3828124
100 _a20131026d2010 |||y0rusy50 ca
101 0 _aeng
_drus
102 _aRU
105 _aa |||||||||
200 1 _aGas electron multiplier detectors with high reliability and stability
_fB.M. Ovchinnikov, V.V. Parusov a. Yu.B. Ovchinnikov
210 _aMoscow
_cInst. for nuclear research of the Russ. acad. of sciences
_d2010
215 _a15, [1] с.
_cил.
_d28
225 1 _aPreprint
_fInst. for nuclear research of the Russ. acad. of sciences
_vINR 1274/2010
300 _aНа обороте тит. л.: Газовые электронные умножители с высокой надежностью и стабильностью / Б.М. Овчинников, В.В. Парусов, Ю.Б. Овчинников
300 _aНадзаг. также на рус. яз.
300 _aРез. на рус. яз.
320 _aБиблиогр.: с. 8-9 (11 назв.)
517 0 _aГазовые электронные умножители с высокой надежностью и стабильностью
606 1 _aДетекторы ядерного излучения газоразрядные проволочные
_92206694
_3RU\NLR\auth\661325775
606 1 _aДетекторы ядерного излучения многоканальные
_9942111
_3RU\NLR\auth\66348791
606 1 _aДетекторы ядерного излучения
_xФотоэлектронные умножители
_92088422
_3RU\NLR\auth\661264287
686 1 _aВ381.51
700 1 _aOvčinnikov
_bB. M.
_gBoris Michajlovič
_4070
701 1 _aParusov
_bV. V.
_4070
701 1 _aOvčinnikov
_bJ. B.
_gJurij Borisovič
_4070
801 0 _aRU
_bNLR
_c20110330
_gRCR
942 _cBOOK
980 _aNB